000 00670nam a22001937a 4500
999 _c162780
_d162780
005 20190320165808.0
010 _aB-044933
020 _c78.00
035 _aB-044933
100 _aSharma, H.P. ...(et all)
245 _aUpkar's Practice Sets : Medical Entrancetest /
_bSelected Objective Questions
_cUpkar's
260 _aNew delhi
_bUpkar parakashan
270 _a4840-41, Govind Lane, Ansari Road, 24 Daryaganj,
_bNew Delhi
_e110002
_k3251844,3251866
300 _avii,227A p.
_bill (Hb.)
_c24cm.
500 _aPractice Set1tox
700 _aYadav ,B.S.,Singh A.P. & Sharma R.
942 _2ddc
_cEN
_h500
_mUPK